| 000 | 00454 a2200121 4500 | ||
|---|---|---|---|
| 082 | _aBICSE-1 | ||
| 100 |
_aWasif Abbasi _992309 |
||
| 245 |
_aSecure Communication of an Unmanned Air Vehicle (UAV) _cWasif Abbasi |
||
| 260 |
_aIsalamabad, _bNUST School of Electrical Engineering & Computer Science, _c2007. |
||
| 300 |
_a viii, 76 p. : _bill. ; _c27 cm. + _eCD-ROM |
||
| 856 | _uhttp://10.250.8.41:8080/xmlui/handle/123456789/11071 | ||
| 942 |
_cPR _kBICSE-1 WAS _2ddc |
||
| 999 |
_c9186 _d9186 |
||